Những bí ẩn chưa được giải đáp: Cảnh quan thế giới
Gardado en:
| Formato: | Libro |
|---|---|
| Idioma: | Chinese |
| Publicado: |
Trung Quốc
2003
|
| Những chủ đề: | |
| Các nhãn: |
Engadir etiqueta
Sen Etiquetas, Sexa o primeiro en etiquetar este rexistro!
|
| Thư viện lưu trữ: | Trung tâm Học liệu Lê Vũ Hùng, Trường Đại học Đồng Tháp |
|---|
| LEADER | 00669aam a22002178a 4500 | ||
|---|---|---|---|
| 001 | 00028899 | ||
| 005 | 20171026081023.0 | ||
| 008 | 120424s2003 ||||||chisd | ||
| 020 | # | # | |a 7538717552 |
| 041 | 0 | # | |a chi |
| 082 | 1 | 4 | |a 909 |b NH556B |
| 245 | 1 | 0 | |a Những bí ẩn chưa được giải đáp: Cảnh quan thế giới |
| 260 | # | # | |a Trung Quốc |c 2003 |
| 300 | # | # | |a 289 tr. |b ảnh màu |c 20 cm. |
| 653 | # | # | |a Bí ẩn |
| 653 | # | # | |a Tiếng Hoa |
| 653 | # | # | |a Văn minh |
| 852 | # | # | |b Kho đọc |j KD.0013047 |
| 852 | # | # | |j KD.0013429 |
| 910 | |d 24/04/2012 | ||
| 980 | # | # | |a Trung tâm Học liệu Lê Vũ Hùng, Trường Đại học Đồng Tháp |


